|
|
|
|
| LEADER |
00000nam a22000007i 4500 |
| 001 |
IT\ICCU\UBO\1922118 |
| 003 |
ItRI |
| 005 |
20260115231836.0 |
| 008 |
021223s2002 xxk|||||| ||||| |||||c |
| 020 |
|
|
|a 1860498825
|
| 040 |
|
|
|b ita
|c importazione bologna sebina
|
| 041 |
|
7 |
|a eng
|2 ISO-639-2
|
| 082 |
|
|
|a 823.914
|9 NARRATIVA INGLESE, 1945-1999
|2 21
|
| 100 |
1 |
|
|a Waters, Sarah,
|d (1966 luglio 21- )
|0 IT\ICCU\UBOV\570123
|4 aut
|
| 245 |
1 |
0 |
|a Fingersmith /
|c Sarah Waters.
|
| 260 |
|
|
|a London :
|b Virago,
|c 2002
|
| 300 |
|
|
|a 548 p. ;
|c 23 cm.
|
| 942 |
|
|
|2 ddc
|c BK
|n 0
|
| 952 |
|
|
|0 0
|1 0
|4 0
|6 L_823_914000000000000_WAT
|7 0
|9 14023
|a BO
|b BO
|d 2026-01-15
|i 14170
|l 0
|o L 823.914 WAT
|p BO14170
|r 2026-01-15 23:18:36
|w 2026-01-15
|x [Sebina 5] [1 v.]
|y BK
|z 1 v.
|
| 999 |
|
|
|c 12082
|d 12082
|